| 000 | 00475nam a2200157Ia 4500 | ||
|---|---|---|---|
| 003 | GCL | ||
| 008 | 140319s9999 xx 000 0 eng d | ||
| 040 |
_aGCL / _cGCL |
||
| 082 | 0 | 4 |
_a759.4 _bG P |
| 100 | 1 | _aGRANELL, EUGENIO FERNANDY | |
| 245 | 1 | 0 |
_aPicasso's Guernica: the and of a Sponish era. / _cGRANELL, EUGENIO FERNANDY |
| 260 |
_a[S.N] : _bU M I RESEARCH PRESS ، _c1981 |
||
| 650 | 0 | 4 | _aPICASSO, PABLO, 1881 - 1973 |
| 650 | 0 | 4 | _aPAINTING - TECHNIQUE |
| 942 |
_2ddc _cBK |
||
| 999 |
_c17672 _d17672 |
||